01186 a2200205 45000010006000000050017000060080041000230030015000640400040000790800073001192450055001920200018002472500011002652640032002763000019003085050435003271000025007627000029007878560164008162466520260407155530.0260407a1989 arg spa dAR-UNSa-BCEJYS aAR-UNSa-BCEJYSbspacAR-UNSa-BCEJYS a657.3xPresupuestos. Cierre de Cuentas. Balances (Estados Contables)10aAnálisis e interpretación de estados contables a950-99231-1-7 a6a. ed 1aBuenos Aires :bReisac1989 a120 p.c23 cm. a1. Objetivos y destinatarios - 2. Antecedentes y evolución - 3. Composición vertical-estructura - 4. Análisis horizontal - tendencias - 5. Tasas de rentabilidad - 6. Formulas de Dupont - Margenes y rotaciones - 7. Capital de trabajo - 8. Indice de liquidez corriente - 9. Liquidez seca - 10. Liquidez total - 11. Endeudamiento - 12. Financiación de inmovilización - 13. El informe económico - 14. Muestra de empresas.1 aTelias, Alejandro J.1 aSenderovich, Isaac Aizik41uhttps://biblioeco.unsa.edu.ar/pmb/images/libros/An?lisis e interpretaci?n de estados contables Senderovich, Isaac A. (1989).jpgyImagen de portadaqimage/jpeg